| 000 | 00567nam a22001937a 4500 | ||
|---|---|---|---|
| 003 | OSt | ||
| 005 | 20240221101009.0 | ||
| 008 | 191008t xxu||||| |||| 00| 0 eng d | ||
| 020 | _a9788857237374 | ||
| 040 | _c0 | ||
| 082 |
_a739.270904 _bCAP |
||
| 100 | 1 |
_aCappellieri,Alba _988383 |
|
| 245 | 1 | 0 |
_aJewellery : _bfrom Art Nouveau to 3D printing/ _cAlba Cappellieri |
| 260 |
_aMilano: _bSkira; _c2018. |
||
| 300 |
_a264 p.: _bill; _c29 cm. |
||
| 650 |
_aJewelry _zUnited States _9120962 |
||
| 942 |
_2ddc _cBK |
||
| 999 |
_c607956 _d607956 |
||